[Event "World Junior U20 Girls 2018"]
[Site "Gebze"]
[Date "2018.09.11"]
[Round "7"]
[White "Antova, Gabriela"]
[Black "Assaubayeva, Bibisara"]
[Result "1/2-1/2"]
[WhiteElo "2292"]
[BlackElo "2371"]
[Annotator "NA"]
[PlyCount "105"]
[EventDate "2018.09.05"]
[EventType "swiss"]
[EventCountry "TUR"]
[SourceTitle "playchess.com"]
[Source "ChessBase"]
[SourceQuality "1"]
[TimeControl "40/5400+30:1800+30"]

1. d4 {[%emt 0:00:30]} Nf6 {[%emt 0:00:30]} 2. c4 {[%emt 0:00:30]} g6 {[%emt 0:00:30]} 3. Nf3 {[%emt 0:00:00]} Bg7 {[%emt 0:00:00]} 4. g3 {[%emt 0:00:00]} O-O {[%emt 0:00:00]} 5. Bg2 {[%emt 0:00:00]} d6 {[%emt 0:00:30]} 6. O-O {[%emt 0:00:00]} Nc6 {[%emt 0:00:30] LiveBook: 5576 Games} 7. Nc3 {[%emt 0:00:30]} a6 {[%emt 0:00:30]} 8. h3 {[%emt 0:00:00]} Rb8 {[%emt 0:00:30]} 9. e4 {[%emt 0:00:30]} b5 {[%emt 0:00:30]} 10. d5 {[%emt 0:00:30] E63: King's Indian: Fianchetto: Panno Variation with 7...a6} b4 {[%emt 0:02:30]} 11. Ne2 {[%emt 0:00:00]} Na5 {[%emt 0:01:30]} 12. Qc2 {[%emt 0:00:30]} c5 {[%emt 0:04:30]} (12... c6 13. Nfd4 cxd5 14. exd5 Qc7 15. b3 e5 16. dxe6 fxe6 17. a3 bxa3 {1-0 (45) Aronian,L (2812)-Nakamura,H (2789) Zuerich 2014 CBM 159 [Krasenkow,M]}) 13. Be3 {[%emt 0:00:30] [#]} Qb6 $146 {[%emt 0:06:30]} ({Predecessor:} 13... e5 14. b3 Nb7 15. Rae1 Bd7 16. Bc1 Qc8 17. Kh2 Ne8 {½-½ (40) Nielsen,P (2654)-Berg,E (2575) Sweden 2016}) 14. b3 {[%emt 0:06:30]} Nb7 {[%emt 0:02:30]} 15. a4 {[%emt 0:09:30]} Ne8 {[%emt 0:03:30]} 16. Rae1 {[%emt 0:02:30]} Nd8 {[%emt 0:02:30]} 17. Nf4 {[%emt 0:07:30]} e5 {[%emt 0:03:30]} 18. Nd3 {[%emt 0:04:30]} f5 {[%emt 0:02:30]} 19. Nd2 {[%emt 0:02:30]} Nf6 {[%emt 0:04:30]} 20. Kh2 {[%emt 0:01:30]} Nf7 {[%emt 0:07:30]} 21. f4 {[%emt 0:03:30]} fxe4 {[%emt 0:00:30]} 22. Nxe4 {[%emt 0:00:30]} Bf5 {[%emt 0:02:30]} 23. Bc1 {[%emt 0:14:30]} Rbe8 {[%emt 0:11:30]} 24. Nxf6+ {[%emt 0:05:30]} Bxf6 {[%emt 0:00:30]} 25. Qd1 {[%emt 0:01:30]} (25. Be4 $1 $14) 25... Qd8 {[%emt 0:06:30]} 26. Re2 {[%emt 1:19:00]} Bxd3 {[%emt 1:18:00]} 27. Qxd3 {[%emt 0:00:30]} exf4 {[%emt 0:00:30]} 28. Bxf4 {[%emt 0:00:30]} Rxe2 {[%emt 0:00:30]} 29. Qxe2 {[%emt 0:00:30]} Be5 {[%emt 0:00:30]} 30. Be4 {[%emt 0:04:30]} Bxf4 {[%emt 0:05:30]} 31. Rxf4 {[%emt 0:01:46]} Re8 {[%emt 0:04:32]} 32. Qg2 {[%emt 0:02:49]} Qe7 {[%emt 0:02:02]} 33. Bc2 {[%emt 0:01:58]} Qd8 {[%emt 0:08:59]} ({Black should play} 33... Qe3 $17) 34. Re4 {[%emt 0:01:20]} Rxe4 {[%emt 0:01:21]} 35. Qxe4 {[%emt 0:01:16]} Qf6 {[%emt 0:00:24]} 36. Qe2 {[%emt 0:02:13]} Qc3 {[%emt 0:01:38]} 37. Kg2 {[%emt 0:06:14]} Ne5 {[%emt 0:01:18]} 38. Kf2 {[%emt 0:01:01]} Kg7 {[%emt 0:00:07]} 39. Kg2 {[%emt 0:01:26]} h5 {[%emt 0:01:14]} 40. Bd1 {[%emt 0:00:00]} Qd4 {[%emt 0:00:00]} 41. Bc2 {[%emt 0:04:27]} h4 {[%emt 0:06:55]} 42. gxh4 {[%emt 0:08:30]} Qxh4 {[%emt 0:00:30]} 43. Qe4 {[%emt 0:00:30]} Qg5+ {[%emt 0:01:30]} 44. Kf2 {[%emt 0:01:30]} a5 {[%emt 0:03:30]} (44... Qc1 $17) 45. h4 {[%emt 0:05:50]} Qd2+ {[%emt 0:01:30]} 46. Kg3 {[%emt 0:00:10]} Kh7 {[%emt 0:06:01]} 47. Kh3 {[%emt 0:01:10]} Kh6 {[%emt 0:02:16]} 48. Kg3 {[%emt 0:10:37]} Kg7 $17 {[%emt 0:04:05]} 49. Kh3 {[%emt 0:00:10]} Qf2 {[%emt 0:01:15]} 50. h5 {[%emt 0:03:23]} gxh5 {[%emt 0:04:21]} 51. Qh7+ {[%emt 0:00:07]} Kf8 {[%emt 0:01:24]} 52. Qh6+ {[%emt 0:00:06]} Kg8 {[%emt 0:01:15]} 53. Qh7+ {[%emt 0:00:07]} 1/2-1/2

[Event "World Junior U20 Girls 2018"]
[Site "Gebze"]
[Date "2018.09.11"]
[Round "7"]
[White "Chitlange Sakshi"]
[Black "Ivana Maria, Furtado"]
[Result "1-0"]
[WhiteElo "2279"]
[BlackElo "2144"]
[Annotator "NA"]
[PlyCount "63"]
[EventDate "2018.09.05"]
[EventType "swiss"]
[EventCountry "TUR"]
[SourceTitle "playchess.com"]
[Source "ChessBase"]
[SourceQuality "1"]
[TimeControl "40/5400+30:1800+30"]

1. d4 {[%emt 0:00:30]} Nf6 {[%emt 0:00:30]} 2. c4 {[%emt 0:00:00]} c5 {[%emt 0:00:30]} 3. d5 {[%emt 0:00:00]} b5 {[%emt 0:00:00]} 4. Qc2 {[%emt 0:00:30]} bxc4 {[%emt 0:00:00]} 5. e4 {[%emt 0:00:00]} e6 {[%emt 0:00:30] A57: Wolga/Benkö-Gambit} (5... d6 6. Bxc4 g6 7. Nc3 Bg7 8. Nf3 Nbd7 9. h3 O-O 10. O-O Rb8 11. Re1 Nh5 12. Be2 Ne5 13. Nxe5 Bxe5 14. Bxh5 gxh5 15. Bh6 Re8 16. Qd2 Kh8 17. Bf4 Bd4 18. Be3 {0-1 (63) Dreev,A (2644)-Perunovic,M (2622) Berlin 2015}) 6. Bxc4 {[%emt 0:02:00]} exd5 {[%emt 0:00:30]} 7. exd5 {[%emt 0:00:00]} d6 {[%emt 0:00:30]} 8. Ne2 {[%emt 0:06:00]} Be7 {[%emt 0:00:30]} 9. Nbc3 {[%emt 0:01:30]} O-O {[%emt 0:00:30]} 10. O-O {[%emt 0:00:30]} Nbd7 {[%emt 0:00:30]} 11. b3 {[%emt 0:06:30]} Nb6 {[%emt 0:00:30]} 12. Bb2 {[%emt 0:00:30]} Nxc4 {[%emt 0:02:30]} 13. bxc4 {[%emt 0:00:30]} Rb8 $146 {[%emt 0:00:30]} 14. Nd1 {[%emt 0:00:30]} Re8 {[%emt 0:00:30]} 15. Rb1 {[%emt 0:00:30]} Bd7 {[%emt 0:00:30]} 16. Ne3 {[%emt 0:04:30]} Ng4 {[%emt 0:24:30]} 17. Nxg4 {[%emt 0:14:30]} Bxg4 {[%emt 0:00:30]} 18. Ng3 {[%emt 0:01:30]} Bf6 {[%emt 0:06:30]} 19. Bxf6 {[%emt 0:01:30]} Qxf6 {[%emt 0:00:00]} 20. Qa4 {[%emt 0:00:30]} h5 {[%emt 0:10:00]} 21. h3 {[%emt 0:20:30]} h4 {[%emt 0:00:30]} 22. Rxb8 {[%emt 0:00:30]} Rxb8 {[%emt 0:00:30]} 23. Qxa7 {[%emt 0:04:30]} Rb4 {[%emt 0:21:30]} 24. Ne4 $16 {[%emt 0:08:30]} (24. hxg4 $18 hxg3 25. fxg3) 24... Qg6 {[%emt 0:01:30]} 25. Qe7 {[%emt 0:00:30]} Bd7 {[%emt 0:13:39]} 26. Qd8+ {[%emt 0:07:32]} Kh7 {[%emt 0:00:04]} 27. Ng5+ {[%emt 0:00:00]} Kh6 {[%emt 0:00:27]} 28. f4 {[%emt 0:01:00]} Qf5 {[%emt 0:00:55]} 29. Qh8+ {[%emt 0:00:22]} Kg6 {[%emt 0:00:28]} 30. Qh7+ {[%emt 0:00:12]} Kf6 {[%emt 0:00:00]} 31. Qxh4 {[%emt 0:00:59]} Rb8 {[%emt 0:03:57]} 32. g4 {[%emt 0:02:36]} 1-0

[Event "World Junior U20 Girls 2018"]
[Site "Gebze"]
[Date "2018.09.11"]
[Round "7"]
[White "Potapova, Margarita"]
[Black "Sieber, Fiona"]
[Result "1-0"]
[WhiteElo "2277"]
[BlackElo "2277"]
[Annotator "NA"]
[PlyCount "83"]
[EventDate "2018.09.05"]
[EventType "swiss"]
[EventCountry "TUR"]
[SourceTitle "playchess.com"]
[Source "ChessBase"]
[SourceQuality "1"]
[TimeControl "40/5400+30:1800+30"]

1. e4 {[%emt 0:00:30]} e5 {[%emt 0:00:30]} 2. Nf3 {[%emt 0:00:30]} Nc6 {[%emt 0:00:30]} 3. Bc4 {[%emt 0:00:00]} Nf6 {[%emt 0:00:00]} 4. d3 {[%emt 0:00:00]} Be7 {[%emt 0:01:30]} 5. O-O {[%emt 0:00:30]} O-O {[%emt 0:00:00]} 6. Re1 {[%emt 0:00:30]} d6 {[%emt 0:00:00]} 7. a4 {[%emt 0:00:30]} Na5 {[%emt 0:01:30]} 8. Ba2 {[%emt 0:00:00] C55: Two Knights: 4 d3, 4 d4 exd4 5 e5 and Max Lange Attack} c5 {[%emt 0:00:30]} 9. Na3 {[%emt 0:00:30]} Nc6 {[%emt 0:01:00]} 10. c3 {[%emt 0:00:30]} h6 {[%emt 0:00:30]} (10... a6 11. Bd2 Rb8 12. Nc2 Be6 13. Bxe6 fxe6 14. b4 b5 15. Qe2 Qd7 {½-½ (54) Duda,J (2707)-Naiditsch,A (2710) Linares 2017}) 11. h3 {[%emt 0:03:00]} a6 {[%emt 0:04:30]} 12. Nc4 {[%emt 0:02:30]} Be6 {[%emt 0:02:30]} 13. Bd2 {[%emt 0:24:30]} b5 {[%emt 0:11:30]} 14. Ne3 {[%emt 0:00:30]} Rb8 {[%emt 0:04:30]} 15. Qc2 $146 {[%emt 0:05:30]} ({Predecessor:} 15. Nd5 Qd7 {0-1 (34) Swati,G (2257)-Pujari,R (2127) Bhopal 2017}) 15... Qd7 {[%emt 0:06:30]} 16. Kh2 {[%emt 0:07:30]} Rfc8 {[%emt 0:12:30]} 17. axb5 {[%emt 0:10:30]} axb5 {[%emt 0:01:30]} 18. Bxe6 {[%emt 0:00:30]} fxe6 {[%emt 0:01:30]} 19. Ra6 {[%emt 0:05:30]} d5 {[%emt 0:02:30]} 20. Ng4 {[%emt 0:04:30]} Nxg4+ 21. hxg4 d4 22. cxd4 exd4 23. Qb3 {[%emt 1:28:24]} c4 {[%emt 1:05:30]} 24. dxc4 {[%emt 0:00:30]} bxc4 {[%emt 0:00:30]} 25. Qxc4 {[%emt 0:00:30]} Bd6+ {[%emt 0:00:30]} 26. g3 {[%emt 0:00:30]} Nb4 {[%emt 0:00:30]} 27. Rxd6 {[%emt 0:00:30]} Qxd6 {[%emt 0:00:30]} 28. Bxb4 {[%emt 0:00:30]} Qxb4 {[%emt 0:00:30]} 29. Qxe6+ {[%emt 0:00:30]} Kh8 {[%emt 0:00:30]} 30. Kg2 {[%emt 0:07:08]} Rc2 {[%emt 0:02:30]} 31. g5 {[%emt 0:02:56]} Qxb2 {[%emt 0:15:25]} 32. Rf1 {[%emt 0:00:03]} h5 {[%emt 0:05:12]} 33. Ne5 {[%emt 0:01:05]} Qb6 {[%emt 0:02:01]} 34. Nf7+ {[%emt 0:01:12]} Kg8 $18 {[%emt 0:01:24]} 35. Nd6+ {[%emt 0:00:11]} Kh8 {[%emt 0:02:22]} 36. Nf7+ {[%emt 0:00:52]} Kg8 {[%emt 0:00:08]} 37. Nd6+ {[%emt 0:00:13]} Kh8 {[%emt 0:00:03]} 38. g6 {[%emt 0:00:56]} d3 {[%emt 0:02:27]} 39. Nf7+ {[%emt 0:00:57]} Kg8 {[%emt 0:00:03]} 40. Nh6+ {[%emt 0:00:18]} Kh8 {[%emt 0:00:00]} 41. Qg8+ {[%emt 0:01:15]} Rxg8 {[%emt 0:01:25]} 42. Nf7# {[%emt 0:00:00]} 1-0

[Event "World Junior U20 Girls 2018"]
[Site "Gebze"]
[Date "2018.09.11"]
[Round "7"]
[White "Sliwicka, Alicja"]
[Black "Meenal Gupta"]
[Result "1-0"]
[WhiteElo "2272"]
[BlackElo "1963"]
[Annotator "NA"]
[PlyCount "112"]
[EventDate "2018.09.05"]
[EventType "swiss"]
[EventCountry "TUR"]
[SourceTitle "playchess.com"]
[Source "ChessBase"]
[SourceQuality "1"]
[TimeControl "40/5400+30:1800+30"]

1. e4 {[%emt 0:00:30]} c5 {[%emt 0:00:30]} 2. Nf3 {[%emt 0:00:30]} d6 {[%emt 0:00:30]} 3. d4 {[%emt 0:00:00]} cxd4 {[%emt 0:00:00]} 4. Nxd4 {[%emt 0:00:00]} Nf6 {[%emt 0:00:00]} 5. Nc3 {[%emt 0:00:00]} a6 {[%emt 0:00:30]} 6. Bg5 {[%emt 0:00:00]} e6 {[%emt 0:00:00]} 7. Qd3 {[%emt 0:00:30]} Be7 {[%emt 0:03:00]} 8. O-O-O {[%emt 0:01:00]} Nbd7 {[%emt 0:01:30]} 9. f4 {[%emt 0:00:30]} Qc7 {[%emt 0:12:30]} 10. Be2 {[%emt 0:00:30] LiveBook: 38 Games} b5 {[%emt 0:13:30] B98: Sicilian Najdorf: 6 Bg5 e6 7 f4 Be7, sidelines} 11. Bf3 {[%emt 0:01:30]} Bb7 {[%emt 0:03:30]} (11... b4 12. e5 dxe5 13. Bxa8 exd4 14. Ne2 h6 15. Bh4 O-O 16. Kb1 e5 17. Qf3 exf4 18. Nxf4 {½-½ (40) Harikrishna,P (2726)-Vachier Lagrave,M (2766) Biel 2014 CBM 162 [CB]}) 12. Bxf6 {[%emt 0:00:30]} gxf6 {[%emt 0:07:30]} 13. a3 {[%emt 0:02:30]} O-O-O {[%emt 0:02:30]} 14. Kb1 $146 {[%emt 0:09:30]} ({Predecessor:} 14. Bh5 Rdf8 15. Rhe1 Rhg8 16. g3 Nb6 17. f5 e5 18. Nde2 {½-½ (44) Godoy Bugueno,D (2355)-Valiente,C (2335) Santiago de Chile 1995}) 14... Kb8 {[%emt 0:02:30]} 15. Bh5 {[%emt 0:02:30]} Rhf8 {[%emt 0:10:30]} 16. Qh3 {[%emt 0:14:30]} Rc8 {[%emt 0:01:30]} 17. Rhe1 {[%emt 0:11:30]} Nb6 {[%emt 0:01:30]} 18. Rd3 {[%emt 0:09:30]} d5 {[%emt 0:04:30]} 19. exd5 {[%emt 0:07:30]} Bxd5 {[%emt 0:03:30]} 20. Bf3 {[%emt 0:08:30]} (20. Nxd5 $16 Nxd5 21. Bf3) 20... Rfd8 {[%emt 1:20:18]} 21. Red1 {[%emt 1:17:30]} Bxf3 {[%emt 0:00:30]} 22. Qxf3 {[%emt 0:00:30]} Nd5 {[%emt 0:00:30]} 23. f5 {[%emt 0:00:30]} Qb6 {[%emt 0:01:02]} 24. Nxd5 {[%emt 0:02:30]} Rxd5 {[%emt 0:00:23]} 25. fxe6 {[%emt 0:02:27]} fxe6 {[%emt 0:00:11]} 26. Qe4 {[%emt 0:00:21]} Rc4 {[%emt 0:06:31]} 27. Qxe6 {[%emt 0:02:57]} Qxe6 {[%emt 0:00:30]} 28. Nxe6 {[%emt 0:00:00]} Rxd3 {[%emt 0:00:13]} 29. Rxd3 {[%emt 0:00:03]} Re4 {[%emt 0:00:48]} 30. Nd4 {[%emt 0:00:38]} Re1+ {[%emt 0:01:25]} 31. Ka2 {[%emt 0:00:06]} Bc5 {[%emt 0:02:49]} 32. Nf3 {[%emt 0:05:29]} Re2 {[%emt 0:01:07]} 33. Rd2 {[%emt 0:01:45]} Re6 {[%emt 0:01:03]} 34. Kb3 {[%emt 0:02:18]} Kc7 {[%emt 0:00:10]} 35. c3 {[%emt 0:00:23]} Re4 {[%emt 0:02:36]} 36. Kc2 {[%emt 0:00:22]} Kc6 $18 {[%emt 0:01:39]} 37. Nd4+ {[%emt 0:01:15]} Bxd4 {[%emt 0:00:49]} 38. Rxd4 {[%emt 0:00:37]} Re2+ {[%emt 0:00:19]} 39. Rd2 {[%emt 0:00:00]} Re6 {[%emt 0:00:20]} 40. Rf2 {[%emt 0:00:00]} Kd6 {[%emt 0:00:00]} 41. Kd3 {[%emt 0:02:49]} Kd5 {[%emt 0:04:17]} 42. b3 {[%emt 0:01:30]} Rd6 {[%emt 0:01:30]} 43. Rf4 {[%emt 0:02:30]} Ke5+ {[%emt 0:01:30]} 44. Rd4 {[%emt 0:00:00]} Rc6 {[%emt 0:00:00]} 45. c4 {[%emt 0:02:00]} bxc4+ {[%emt 0:00:00]} 46. Rxc4 {[%emt 0:00:30]} Rd6+ {[%emt 0:00:30]} 47. Ke3 {[%emt 0:00:00]} Rd1 {[%emt 0:00:30]} 48. Ra4 {[%emt 0:01:00]} Re1+ {[%emt 0:01:30]} 49. Kf3 {[%emt 0:00:30]} Rf1+ {[%emt 0:00:30]} 50. Kg3 {[%emt 0:01:30]} Rb1 {[%emt 0:00:30]} 51. b4 {[%emt 0:01:30]} Rb3+ {[%emt 0:00:30]} 52. Kh4 {[%emt 0:01:30]} Rb2 {[%emt 0:00:30]} 53. Kh3 {[%emt 0:00:30]} Rb3+ {[%emt 0:00:30]} 54. g3 {[%emt 0:00:30]} f5 {[%emt 0:00:30]} 55. Kh4 {[%emt 0:00:30]} Rb2 {[%emt 0:00:30]} 56. h3 {[%emt 0:00:30]} Kd5 {[%emt 0:00:30]} 1-0

[Event "World Junior U20 Girls 2018"]
[Site "Gebze"]
[Date "2018.09.11"]
[Round "7"]
[White "Haussernot, Cecile"]
[Black "Zhu, Jiner"]
[Result "0-1"]
[WhiteElo "2237"]
[BlackElo "2364"]
[Annotator "NA"]
[PlyCount "82"]
[EventDate "2018.09.05"]
[EventType "swiss"]
[EventCountry "TUR"]
[SourceTitle "playchess.com"]
[Source "ChessBase"]
[SourceQuality "1"]
[TimeControl "40/5400+30:1800+30"]

1. e4 {[%emt 0:02:30]} c5 {[%emt 0:00:30]} 2. Nf3 {[%emt 0:00:30]} d6 {[%emt 0:00:00]} 3. Bb5+ {[%emt 0:00:00]} Bd7 {[%emt 0:00:00]} 4. Bxd7+ {[%emt 0:00:00]} Qxd7 {[%emt 0:00:30] LiveBook: 6302 Games} 5. c4 {[%emt 0:00:00]} Nc6 {[%emt 0:00:00]} 6. Nc3 {[%emt 0:00:00]} g6 {[%emt 0:00:30]} 7. d4 {[%emt 0:00:30]} cxd4 {[%emt 0:00:30]} 8. Nxd4 {[%emt 0:00:30]} Bg7 {[%emt 0:00:00]} 9. Be3 {[%emt 0:00:00]} Nf6 {[%emt 0:00:00]} 10. f3 {[%emt 0:00:00]} O-O {[%emt 0:00:30]} 11. O-O {[%emt 0:00:30]} Rfc8 {[%emt 0:00:00]} 12. b3 {[%emt 0:00:30]} Qd8 {[%emt 0:00:30]} 13. Kh1 {[%emt 0:04:30] B52: Sicilian: Moscow Variation with 3...Bd7} (13. Qd2 Nd7 14. Nde2 a6 15. Rac1 Qa5 16. Rfd1 h5 17. Nd5 Qxd2 18. Rxd2 Kf8 19. Nec3 Rab8 20. Na4 b5 21. cxb5 axb5 {½-½ (43) Artemiev,V (2660)-Mamedov,R (2652) Khanty-Mansiysk 2014}) 13... Qa5 {[%emt 0:01:30]} 14. Rc1 {[%emt 0:06:30]} a6 {[%emt 0:01:30] [#]} 15. Qd3 $146 {[%emt 0:06:30]} ({Predecessor:} 15. a4 e6 16. f4 Qh5 17. Nxc6 Rxc6 18. Qxh5 Nxh5 19. g4 Bxc3 20. gxh5 Bg7 21. hxg6 hxg6 22. f5 exf5 23. exf5 Be5 24. Rg1 Kg7 25. Rg2 {½-½ (25) Andreikin,D (2507)-Andriasian,Z (2463) Yerevan 2006}) 15... Rab8 {[%emt 0:02:30]} 16. Bd2 {[%emt 0:08:30]} Nb4 {[%emt 0:12:30]} 17. Qe3 {[%emt 0:05:30]} Qd8 {[%emt 0:08:30]} 18. Nd5 {[%emt 0:05:30]} Nfxd5 {[%emt 0:04:30]} 19. exd5 {[%emt 0:00:30]} Qb6 {[%emt 0:00:30]} ({Avoid the trap} 19... Nxa2 $2 20. Rc2 $18) 20. Bxb4 {[%emt 0:01:30]} Bxd4 {[%emt 0:05:30]} 21. Qe1 {[%emt 0:01:30]} Qd8 {[%emt 0:04:30]} 22. Qe4 {[%emt 0:00:30]} Bf6 {[%emt 0:01:30]} 23. c5 {[%emt 0:06:30]} dxc5 {[%emt 0:04:30]} 24. Bxc5 {[%emt 0:00:30]} Qd7 {[%emt 0:05:30]} 25. Rfe1 {[%emt 0:05:30]} b6 {[%emt 0:01:30]} 26. Bf2 {[%emt 0:01:30]} Qb5 {[%emt 0:03:30]} 27. Rc6 {[%emt 0:05:30]} Rd8 {[%emt 0:04:30]} 28. Bg3 Rb7 29. d6 Rbd7 30. a4 Qxb3 31. Rc7 Rxd6 32. Bxd6 Rxd6 33. Qa8+ Kg7 34. Qxa6 Rd2 {[%emt 1:06:00]} 35. Qc4 {[%emt 1:30:08]} Qe3 {[%emt 0:00:30]} 36. Qc1 {[%emt 0:00:30]} Qf2 {[%emt 0:00:30]} 37. Rg1 {[%emt 0:00:30]} h5 {[%emt 0:00:30]} 38. Qf1 {[%emt 0:00:30]} Qh4 {[%emt 0:02:30]} 39. Qc4 {[%emt 0:03:22]} (39. Qe1 $5 {[%cal Re1d2]} Qf4 40. Rc4 Qxc4 41. Qxd2 $11) 39... Rd4 {[%emt 0:00:30]} 40. Qb5 {[%emt 0:00:00]} Qf4 {[%emt 0:00:00]} 41. Rgc1 $19 {[%emt 0:04:30]} (41. Qc6 $11) 41... Qxc7 {[%emt 0:04:00]} 0-1

[Event "World Junior U20 Girls 2018"]
[Site "Gebze"]
[Date "2018.09.11"]
[Round "7"]
[White "Maltsevskaya, Aleksandra"]
[Black "Paramzina, Anastasya"]
[Result "1-0"]
[WhiteElo "2234"]
[BlackElo "2222"]
[Annotator "NA"]
[PlyCount "91"]
[EventDate "2018.09.05"]
[EventType "swiss"]
[EventCountry "TUR"]
[SourceTitle "playchess.com"]
[Source "ChessBase"]
[SourceQuality "1"]
[TimeControl "40/5400+30:1800+30"]

1. e4 {[%emt 0:00:30]} c5 {[%emt 0:00:30]} 2. Nf3 {[%emt 0:00:30]} d6 {[%emt 0:00:30]} 3. d4 {[%emt 0:00:30]} cxd4 {[%emt 0:00:30]} 4. Nxd4 {[%emt 0:00:00]} Nf6 {[%emt 0:00:00]} 5. Nc3 {[%emt 0:00:00]} a6 {[%emt 0:00:00]} 6. h3 {[%emt 0:00:00]} e5 {[%emt 0:00:00]} 7. Nde2 {[%emt 0:00:00]} h5 {[%emt 0:00:00] B90: Sicilian Najdorf: Unusual White 6th moves, 6 Be3 Ng4 and 6 Be3 e5} (7... b5 8. Ng3 Qc7 9. Bd3 g6 10. Bg5 Nbd7 11. O-O Bg7 12. a4 bxa4 13. Rxa4 O-O 14. Qd2 Bb7 15. Ra3 Nc5 16. Bxf6 Bxf6 {1-0 (52) Harikrishna,P (2739)-Kokarev,D (2608) Linares 2018}) 8. Bg5 {[%emt 0:00:00]} Be6 {[%emt 0:00:00]} 9. g3 {[%emt 0:01:00]} Be7 {[%emt 0:02:00]} 10. Bg2 {[%emt 0:01:30]} O-O {[%emt 0:02:30]} 11. O-O {[%emt 0:02:30]} Nbd7 {[%emt 0:03:30]} 12. a4 {[%emt 0:00:30]} Rc8 {[%emt 0:01:30]} 13. b3 {[%emt 0:01:30] [#]} Nh7 $146 {[%emt 0:11:30]} ({Predecessor:} 13... Nxe4 14. Bxe7 Nxc3 15. Bxd8 Nxd1 {½-½ (26) Stoyanov,Z (2497)-Casabona,C (2586) ICCF email 2016}) 14. Be3 {[%emt 0:07:30]} Nb8 {[%emt 0:12:30]} 15. Rc1 {[%emt 0:09:30]} h4 {[%emt 0:02:30]} 16. Nd5 {[%emt 0:04:30]} hxg3 {[%emt 0:07:30]} (16... Bxd5 $11 17. Qxd5 Nc6) 17. Nxe7+ {[%emt 0:02:30]} Qxe7 {[%emt 0:00:30]} 18. Nxg3 {[%emt 0:00:30]} b5 {[%emt 0:01:30]} 19. axb5 {[%emt 0:05:00]} axb5 {[%emt 0:00:30]} 20. Kh2 {[%emt 0:05:30]} Rfd8 {[%emt 0:08:00]} 21. Rg1 {[%emt 0:06:30]} Qh4 {[%emt 0:01:30]} 22. Nf5 {[%emt 0:10:30]} Bxf5 {[%emt 0:00:30]} 23. exf5 {[%emt 0:00:30]} Nc6 {[%emt 0:21:30] [#]} 24. Bxc6 $1 {[%emt 1:11:00]} Rxc6 {[%emt 1:25:45]} 25. Rg4 {[%emt 0:00:30]} Qf6 {[%emt 0:00:30]} 26. Qd5 {[%emt 0:00:30]} Rdc8 {[%emt 0:00:30]} 27. Rcg1 {[%emt 0:00:30]} Kf8 {[%emt 0:00:30]} 28. Rxg7 {[%emt 0:03:30]} Qxg7 {[%emt 0:00:30]} 29. Rxg7 {[%emt 0:00:30]} Kxg7 {[%emt 0:00:30]} 30. Qg2+ {[%emt 0:00:00]} Kf8 {[%emt 0:04:16]} 31. Bh6+ {[%emt 0:01:00]} Ke7 {[%emt 0:00:30]} 32. Qg7 {[%emt 0:00:00]} Nf6 {[%emt 0:00:08]} 33. Bg5 {[%emt 0:05:00]} d5 {[%emt 0:00:07]} 34. h4 {[%emt 0:00:00]} d4 {[%emt 0:10:10]} 35. h5 {[%emt 0:04:00]} e4 {[%emt 0:00:46]} 36. h6 {[%emt 0:00:30]} d3 {[%emt 0:00:37]} 37. cxd3 {[%emt 0:00:30]} exd3 {[%emt 0:00:03]} 38. h7 {[%emt 0:00:30]} Rd6 {[%emt 0:00:27]} 39. Bd2 {[%emt 0:01:30]} Nxh7 {[%emt 0:02:53]} 40. Qxh7 {[%emt 0:00:00]} Rd4 {[%emt 0:00:00]} 41. f6+ $18 {[%emt 0:02:00]} Kd6 {[%emt 0:03:18]} 42. Qxf7 {[%emt 0:02:30]} Rh8+ {[%emt 0:00:30]} 43. Kg3 {[%emt 0:00:30]} Rdh4 {[%emt 0:00:30]} 44. Qe7+ {[%emt 0:00:30]} Kd5 {[%emt 0:00:30]} 45. Qd7+ {[%emt 0:00:00]} Kc5 {[%emt 0:01:30]} 46. f7 {[%emt 0:01:00]} 1-0

[Event "World Junior U20 Girls 2018"]
[Site "Gebze"]
[Date "2018.09.11"]
[Round "7"]
[White "Altantuya, Boldbaatar"]
[Black "Alinasab, Mobina"]
[Result "1-0"]
[WhiteElo "2210"]
[BlackElo "2261"]
[Annotator "ChessBase"]
[PlyCount "101"]
[EventDate "2018.09.05"]
[EventType "swiss"]
[EventCountry "TUR"]
[SourceTitle "playchess.com"]
[Source "ChessBase"]
[SourceQuality "1"]
[TimeControl "40/5400+30:1800+30"]

1. Nf3 {[%emt 0:00:30]} Nf6 {[%emt 0:00:30]} 2. c4 {[%emt 0:00:00]} e6 {[%emt 0:00:00]} 3. d4 {[%emt 0:02:00]} a6 {[%emt 0:00:00]} 4. g3 {[%emt 0:00:30]} b5 {[%emt 0:01:30]} 5. Bg2 {[%emt 0:03:30]} Bb7 {[%emt 0:01:30]} 6. O-O {[%emt 0:03:30]} bxc4 {[%emt 0:03:30]} 7. Qc2 {[%emt 0:02:30]} c5 {[%emt 0:06:30]} 8. dxc5 {[%emt 0:04:30]} Bxc5 {[%emt 0:01:30]} 9. Qxc4 {[%emt 0:00:30]} Be7 {[%emt 0:00:30]} 10. Nc3 {[%emt 0:01:30]} Nc6 {[%emt 0:05:30]} 11. Bf4 {[%emt 0:10:30]} Rc8 {[%emt 0:01:30]} 12. Qa4 {[%emt 0:01:30]} d5 {[%emt 0:02:30]} 13. Ne5 {[%emt 0:07:30]} O-O {[%emt 0:06:30]} 14. Nxc6 {[%emt 0:02:30]} Rxc6 {[%emt 0:00:00]} 15. Rac1 {[%emt 0:02:30]} Qb6 {[%emt 0:01:00]} 16. Be3 {[%emt 0:03:30]} Qc7 {[%emt 0:06:30]} 17. Bf4 {[%emt 0:02:30]} Qb6 {[%emt 0:09:30]} 18. Be3 {[%emt 0:03:30]} Qb4 {[%emt 0:00:30]} 19. Qxb4 {[%emt 0:05:30]} Bxb4 {[%emt 0:00:30]} 20. Bd4 {[%emt 0:00:30]} Rfc8 {[%emt 0:00:30]} 21. a3 {[%emt 0:03:30]} Bd6 {[%emt 0:00:30]} 22. Bxf6 {[%emt 0:00:30]} gxf6 {[%emt 0:03:30]} 23. e4 {[%emt 0:11:30]} d4 {[%emt 0:42:52]} 24. e5 {[%emt 0:02:30]} fxe5 {[%emt 0:00:01]} 25. Bxc6 {[%emt 0:00:00]} Rxc6 {[%emt 0:00:06]} 26. Nb1 {[%emt 0:05:00]} Rb6 {[%emt 0:02:48]} 27. Nd2 {[%emt 0:01:30]} Bd5 {[%emt 0:00:55]} 28. b4 {[%emt 0:00:48]} d3 {[%emt 0:02:19]} 29. Nc4 {[%emt 0:03:38]} Rc6 {[%emt 0:00:06]} 30. Ne3 {[%emt 0:00:59]} Rxc1 {[%emt 0:00:56]} 31. Rxc1 {[%emt 0:00:04]} Bf3 {[%emt 0:00:41]} 32. Kf1 {[%emt 0:05:40]} Kf8 {[%emt 0:00:27]} 33. Ke1 {[%emt 0:00:26]} Bb7 {[%emt 0:00:45]} 34. Nc4 {[%emt 0:00:48]} Ke7 {[%emt 0:00:31]} 35. Nxd6 {[%emt 0:01:42]} Kxd6 {[%emt 0:00:02]} 36. Kd2 {[%emt 0:00:30]} e4 {[%emt 0:00:08]} 37. f3 {[%emt 0:01:27]} exf3 {[%emt 0:01:20]} 38. Kxd3 {[%emt 0:00:28]} e5 {[%emt 0:00:29]} 39. Ke3 {[%emt 0:00:40]} f5 {[%emt 0:00:31]} 40. Rc4 {[%emt 0:00:00]} e4 {[%emt 0:00:00]} 41. Rc5 {[%emt 0:02:50]} Ke6 {[%emt 0:12:06]} 42. Rc7 {[%emt 0:00:30]} Bd5 {[%emt 0:00:16]} 43. Rxh7 {[%emt 0:00:30]} Bc4 {[%emt 0:00:11]} 44. a4 {[%emt 0:01:30]} Kf6 {[%emt 0:01:51]} 45. Rc7 {[%emt 0:00:30]} Bf1 {[%emt 0:01:06]} 46. Rc5 {[%emt 0:00:30]} Kg5 {[%emt 0:01:08]} 47. b5 {[%emt 0:00:30]} axb5 {[%emt 0:00:30]} 48. axb5 {[%emt 0:00:00]} Kg4 {[%emt 0:00:05]} 49. b6 {[%emt 0:01:00]} Ba6 {[%emt 0:00:05]} 50. Ra5 {[%emt 0:00:30]} Bb7 {[%emt 0:00:42]} 51. Ra7 {[%emt 0:00:30]} 1-0